Statistiques concernant Intercommunalité de l'Aube

Cliquez ici pour prendre le quiz!

Statistiques générales

  • Ce quiz a été pris 16 fois
  • Le résultat moyen est 6 sur 13

Statistiques - réponses

Nombres de communesIntercommunalités% Correct
81Communauté d'Agglomération Troyes Champagne Métropole
100%
23Communauté de Communes du Nogentais
81%
06Communauté de Communes des portes de Romilly-sur-Seine
75%
25Communauté de Communes Seine et Aube
69%
27Communauté de Communes de la Région de Bar-sur-Aube
63%
53Communauté de Communes du Barsequanais en Champagne
56%
43Communauté de Communes des Lacs de Champagne
50%
39Communauté de Communes d'Arcis, Mailly, Ramerupt
44%
14Communauté de Communes du Pays d'Othe
38%
38Communauté de Communes de Vendeuvre-Soulaines
25%
42Communauté de Communes du Chaourçois et du Val d'Armance
13%
25Communauté de Communes de l'Orvin et de l'Ardusson
6%
15Communauté de Communes Forêts, lacs, terres en Champagne
0%

Distribution des résultats

Percentile par nombre de réponses

% des personnes avec chaque résultat

Votre développement - résultats

Vous n’avez pas pris ce quiz